| 000 | 00483 a2200145 4500 | ||
|---|---|---|---|
| 020 | _a978-0-0471-67816-8 | ||
| 082 |
_a624.151363 _bCOR _cNUST |
||
| 100 |
_aCORNFORTH, DEREK H _936279 |
||
| 245 |
_alandslides in pratice _binvestigatoin, Analysis, and remedial / preventative options in soils |
||
| 260 |
_aNEW JERSEY; _bJOHN WILEY AND SONS, _c2006. |
||
| 300 |
_aXXIII, 596P. _bILL. _c27 CM. |
||
| 526 |
_a0 _b0 _c0 _d624_151363000000000_COR |
||
| 650 |
_bNUST _96342 |
||
| 942 |
_2ddc _cBK |
||
| 999 |
_c541424 _d541424 |
||